Statistics for Државе на слово Т

Click here to take the quiz!

General Stats

  • This quiz has been taken 1 243 times
  • The average score is 7 of 11

Answer Stats

Држава% Correct
Турска
92%
Туркменистан
83%
Таџикистан
81%
Танзанија
72%
Тајланд
70%
Тунис
68%
Того
63%
Тајван
60%
Тринидад и Тобаго
52%
Тувалу
47%
Тонга
46%

Score Distribution

Percentile by Number Answered

Percent of People with Each Score

Your Score History

You have not taken this quiz